00283nam a2200085Ia 4500008004100000041000800041100002200049245008900071260003700160241105s9999 xx 000 0 und d aeng aNesarikar Pradnya aStudy Of Influence Of Land Cover On Urban Heat Islands In Pune Using Remote Sensing. bM.Arch Environmental, Punec2012